000 00511nam a2200181Ia 4500
003 GCL
008 140319s9999 xx 000 0 ara d
040 _aGCL /
_cGCL
082 0 4 _a201.16
_bع ا
100 1 _aعادل ضاهر
245 1 0 _aالاسس الفلسفية للعلمانية /
_cعادل ضاهر
300 _a429 ص
490 _a
650 0 4 _aالاسلام والمذاهب السياسية
650 0 4 _aالفلسفة المادية
650 0 4 _aالعلمانية
942 _2ddc
_cBK
999 _c48370
_d48370